5HLuxD.jpg

KING HENRY VIII SENIOR AND PRIMARY SCHOOL LIBRARY OPAC

THE LAND OF ROAR (Record no. 5372)

000 -LEADER
fixed length control field 00370nam a22001217a 4500
008 - FIXED-LENGTH DATA ELEMENTS--GENERAL INFORMATION
fixed length control field 250909b ||||| |||| 00| 0 eng d
020 ## - INTERNATIONAL STANDARD BOOK NUMBER
International Standard Book Number 9781405293679
082 ## - DEWEY DECIMAL CLASSIFICATION NUMBER
Classification number 823.92 MCL
100 ## - MAIN ENTRY--PERSONAL NAME
Personal name MCLACHLAN
Relator term AUTHOR
Language of a work ENGLISH
245 ## - TITLE STATEMENT
Title THE LAND OF ROAR
260 ## - PUBLICATION, DISTRIBUTION, ETC.
Place of publication, distribution, etc. MACKEN HOUSE,39/40 MAYOR STREET UPPER,DUBLIN 1,D01 C9W8,IRELAND
Name of publisher, distributor, etc. HarperCollinsPublishers
Date of publication, distribution, etc. 2019
942 ## - ADDED ENTRY ELEMENTS (KOHA)
Source of classification or shelving scheme
Holdings
Withdrawn status Lost status Source of classification or shelving scheme Damaged status Not for loan Collection code Permanent Location Current Location Shelving location Date acquired Total Checkouts Full call number Barcode Date last seen Date last checked out Price effective from Koha item type Public note
          Fiction KH8 Primary School Library KH8 Primary School Library Fiction 2025-09-09 1 823.92 MCL KHPL000007152 2025-12-05 2025-11-03 2025-09-09 Books - Fiction PRIMARY LIBRARY

Powered By KH8 IT Dept